书目信息 |
| 题名: |
电力安全手册
|
|
| 作者: | ;中国法制出版社 编 | |
| 分册: | ||
| 出版信息: | 北京 中国法制出版社 2006.01 |
|
| 页数: | 192页 | |
| 开本: | 19cm | |
| 丛书名: | ||
| 单 册: | ||
| 中图分类: | TM08 | |
| 科图分类: | ||
| 主题词: | 电力--dian li--安全--手册 , 电气设备--dian qi she bei--事故--鉴定--赔偿--手册 | |
| 电子资源: | ||
| ISBN: | 7-80182-980-8 | |
| 000 | 00795nam0 2200229 450 | |
| 001 | 012006404522 | |
| 005 | 20060701093048.39 | |
| 010 | @a7-80182-980-8@dCNY10.00 | |
| 100 | @a20060609d2006 km y0chiy0120 ea | |
| 101 | 0 | @achi |
| 102 | @aCN@b110000 | |
| 105 | @ay z 000yy | |
| 200 | 1 | @a电力安全手册@Adian li an quan shou ce@f中国法制出版社编@Fzhong guo fa zhi chu ban she bian |
| 210 | @a北京@c中国法制出版社@d2006.01 | |
| 215 | @a192页@d19cm | |
| 330 | @a本书内容分为:电力安全常识;电力安全责任承担;电力事故处理;常见电力事故分析及附录。 | |
| 606 | 0 | @a电力@Adian li@x安全@j手册 |
| 606 | 0 | @a电气设备@Adian qi she bei@x事故@x鉴定@x赔偿@j手册 |
| 690 | @aTM08@v4 | |
| 711 | 02 | @a中国法制出版社@Azhong guo fa zhi chu ban she@4编 |
| 801 | 0 | @aCN@bQSSK@c20060701 |
| 905 | @a10447@dTM08@eF035 | |
| 电力安全手册/中国法制出版社编.-北京:中国法制出版社,2006.01 |
| 192页;19cm |
| ISBN 7-80182-980-8:CNY10.00 |
| 本书内容分为:电力安全常识;电力安全责任承担;电力事故处理;常见电力事故分析及附录。 |
| ● |
| 相关链接 |
|
|
|
正题名:电力安全手册
索取号:TM08/F035
 
预约/预借
| 序号 | 登录号 | 条形码 | 馆藏地/架位号 | 状态 | 备注 |
| 1 | 581772 | 205817721 | 自科库301/301自科库 6排1列2层/ [索取号:TM08/F035] | 在馆 | |
| 2 | 581773 | 205817730 | 自科库301/301自科库 6排1列2层/ [索取号:TM08/F035] | 在馆 | |
| 3 | 581774 | 205817749 | 自科库301/301自科库 6排1列2层/ [索取号:TM08/F035] | 在馆 |